000 00708nam a22002537a 4500
001 BR7301928
003 BR-BrBNA
005 20230928083908.0
007 ta
008 230509b bl.||||| |||| 00| 0 por d
040 _aBR-BrBNA
_bpor
_cBiblioteca Nacional de Agricultura
041 _a(Por)
072 _aQ10
_b2110
_b/G514
090 _ 2110 BR7301928
110 1 _aInstituto de Pesquisas de Cacau, Hamburgo (Germany, F.R.)
_96155
245 1 _aExames da fermentacao de cacau na Bahia [Brasil]
_bRelatorio
260 3 _aHamburgo (Germany, F.R.):
_c1959.
300 _a20 p.
650 _aCACAU
650 _aFERMENTACAO
650 _aBAHIA
909 _a202309
_bLucia
_c55
_dLucia Elande
942 _cBK
999 _c15723
_d15723